Quizzes
Events
Quiz Creation
Community
Videos
Private Events
Remove Ads
Sign In
Join for FREE
Feedback
Dark Mode
Quiz Categories
Sports
Geography
Music
Movies
Television
Just For Fun
Miscellaneous
History
Literature
Language
Science
Gaming
Entertainment
Religion
Holiday
For Kids
Quiz Lab
Recent
Popular Today
Quiz Kudos Today
Editor Picks
Curator Picks
Quizzes by...
Day
Popularity
Type
Ratings
Length
Year
Community
Subscriptions
Recent Discussions
Orange Saloon
Badges
Playlists
Quests
Create
Leaderboards
Showdown
Live 5
Trivia Bingo
Activity
Puzzle Library
Sporcle Events
Private Events
Virtual Trivia
Globe League
Become a Host
Pub Owners
SporcleCon
Opinionation
Our Games
Videos
Blog
Mobile Apps
Partnerships
Remove Ads and Go Orange
Feedback
Movies
Disney
Marvel Cinematic Universe
Movie Resume
Movie Titles
Oscar
Actor
Actress
Director
Pixar
Role
Movie Quotes
Movie Characters
Box Office
Nominee
Best Picture
Star Wars
James Bond
Horror Movies
Movies
Disney
Marvel Cinematic Universe
Movie Resume
Movie Titles
Oscar
Actor
Actress
Director
Pixar
Role
Movie Quotes
Movie Characters
Box Office
Nominee
Best Picture
Star Wars
James Bond
Horror Movies
Random Quiz
Search Sporcle
×
Quiz Lab
Quiz Lab
Movies
Clickable
Select answers by clicking on text or image buttons
Select answers by clicking on text or image buttons
Clickable
Best Score? Go Orange.
25 Movie Quotes from 1993 Stats
Here are 25 Movie Quotes from the year 1993. Can you pick which ones they came from?
By
TallJord007
15m
25 Questions
576 Plays
576 Plays
576 Plays
Comments
Comments
Give Quiz Kudos
Give Quiz Kudos
-
- Ratings
hide this ad
Forced Order
Answers have to be entered in order
Answers have to be entered in order
Replay
Link that replays current quiz
Next Quiz
Link to next quiz in quiz playlist
You Got
0%
They Got
Avg Score
64%
Avg Friend Score
Upgrade to see
Score Distribution
Jump to the score distribution portion of the page
Score
0/25
Timer
15:00
0
Plays Today
% Correct
Mrs. Doubtfire
91%
Cool Runnings
90.3%
Groundhog Day
90.1%
Jurassic Park
86.6%
Dazed and Confused
80.7%
Schindler's List
80.6%
The Sandlot
78.5%
In the Line of Fire
77.4%
The Fugitive
75.9%
Sleepless in Seattle
74.8%
Hocus Pocus
73.4%
Falling Down
69.1%
Rudy
63.2%
% Correct
Much Ado About Nothing
59.9%
Robin Hood: Men in Tights
56.1%
The Last Action Hero
53.6%
Addams Family Values
53.3%
Grumpy Old Men
51%
Tombstone
49.8%
Philadelphia
49.8%
The Nightmare Before Christmas
46.7%
Wayne's World 2
46.7%
Demolition Man
45.5%
Carlito's Way
37.5%
Short Cuts
34.5%
Quiz Playlist
Details
Report
Send in Message
Add To Playlist
Clickable:
Select answers by clicking on text or image buttons
Forced Order:
Answers have to be entered in order
Last Updated: Dec 19, 2018
Quiz Scoreboard
CHALLENGE
Sign Up to Join the Scoreboard
Show All
Scores
Hide
Comments
May contain spoilers
Recently Published
Presidents Visiting Landmarks
by Hejman
History
7m
An Introduction to Baseball
by treessimontrees
Sports
5m
Movies - When Are They Set?
by FPL_Elf
Movies
5m
More to Explore
Quiz From the Vault
Featured Blog Post
Where Did the Easter Bunny Come From?
hide this ad
You Might Also Like...
Tags
Clickable Quiz
Movie Quotes Quiz
Movie Titles Quiz
1993
Today's Top Quizzes in Movies
Browse Movies
hide this ad
Today's Top Quizzes in Clickable
Browse Clickable
Top Contributed Quizzes in Movies
1
Pick 5 Posters: Directed by Spielberg
2
Pick 5 Posters: Lowest-Rated Spielberg
3
7-to-1: Pixar Characters
4
Multi-Oscar Nominations, One Movie, One Winner
5
Pick 5 Posters: Directed by Scorsese
6
12 Movies about Fictional 1960s Events
7
Pick 5 Posters: Star & Director
8
Sorting Actors
9
Sorting Actresses
10
One Thing in Common: Movies
Explore More
Trending Topics
NBA
Disney
Anime
Kpop
Harry Potter
Marvel
Crossword
Song
WWE
NFL
Puzzle
Soccer
The Office
Pokémon
Country
hide this ad
More By:
TallJord007
Quiz
Plays
Rating
Category
Featured
Created
24 Movie Quotes from Pixar Films
4,626
4.25
Movies
Dec 12, 2019
25 Movie Quotes from 2012
2,618
4.67
Movies
Jun 2, 2015
25 Movie Quotes from 1994
2,055
4.40
Movies
Dec 11, 2018
Follow That Scene from a Hat: Whose Line is it Anyway
1,898
4.91
Television
Mar 20, 2014
25 Movie Quotes from 2018
1,033
3.00
Movies
Mar 17, 2019
Go to Creator's Profile
Score Distribution
Quiz Creator Spotlight
TallJord007
Follow
Send a Message
Quizzes Created
-
Created Quiz Play Count
-
More By This Creator
Popular Quizzes Today
1
Find the Countries of Europe - No Outlines Minefield
2
Find the US States - No Outlines Minefield
3
The Countries of the World
4
Popular People in 1961
5
Find the US States
6
US States
7
1-10 Letter E Words III
8
Risky Map Clicking: Biggest States A-Z
More Movies Quizzes
Star Wars Consonants
Published
Trending Quizzes
Risky Map Clicking: Least Populous States A-Z
1-10 Letter F Words
1-10 Letter G Words
One Thing in Common: United Kingdom
Risky Map Clicking: Next State Alphabetically
Recently Updated
Leaping Animals
pecheneg
Reality TV Shows (A-Z)
bhenderson79
Rickey Henderson's Hall of Fame Teammates
pecheneg
Champions League XIs: Arsenal
pecheneg
Quick Pick: Celebrities in WWE's Hall of Fame
aduchscher
A-Z Keypad Blitz II
pecheneg
Multiple Oscar Actors
pecheneg
Mystery Phrase Blitz: Oscar 'Best Actors'
pecheneg
F. Scott Fitzgerald Novels
LTH
Pick 3 Villains
ddd62291
Trending Topics
NBA
Marvel
Disney
Anime
Kpop
Crossword
Harry Potter
Soccer
NFL
The Office
Country
Puzzle
Song
Pokémon
WWE
Your Account Isn't Verified!
In order to create a playlist on Sporcle, you need to verify the email address you used during registration. Go to your
Sporcle Settings
to finish the process.
Report this User
Report this user for behavior that violates our
Community Guidelines
.
Details:
Send Report
Go to the Sporcle.com Mobile Site →
Comments